00488cam a2200181ua 45000010005000000080039000050200018000440400009000620410008000710820012000791000028000912450056001192500009001752600032001843000016002166530041002326530033002738427150129n ii |||gr||||Z||||||eng a9780140513639 cMAIN aeng a808.103 aCuddan, J. A.,eAuthor.1 aLiterary terms and literary theorycBy J. A. Cuddon a1st. aNew Delhi:bPenguin,c1998. axviii,996p. aRhetoric & collections of literature aDictionary of literary terms